000 00770nam a22002057a 4500
999 _c20712
_d20712
003 AR-CdUCM
008 190604b ||||| |||| 00| 0 spa d
040 _aMUNICIPALIDAD PROVINCIAL DEL CUSCO
_cBIBLIOTECA MUNICIPAL DEL CUSCO
082 _a348.2541 /
_bP46
100 _aPerla Anaya, José
_943260
245 _aRealidad legal de la comunicaciones /
260 _aLima :
_bDeyco,
_c1990.
300 _a233 páginas ;
_c23 cm.
505 _aContenido : Vida social y orden legal de las comunicaciones -- Constitución y comunicaciones -- La telecomunicaciones: Definiciones, sistemas, satélites...
650 _aTelecomunicación
_943261
650 _aReglamento de publicación
_943262
650 _aNormas de autor
_943263
942 _2ddc
_cLIBROS
945 _arcc